00462nam a22001577a 450000500170000001000130001702000110003003500130004103700130005408200080006724500590007526000430013427000750017730000210025250500310027320190204163524.0 aB-713097 c300.00 aB-713097 bRK Books a000 aParamount test series:bSSC (Tier-I) with solutions /  aDelhibParamount Coaching Centrec2017 a704, 1st Floor, Near Batra Cinema, Dr. Mukherjee NagarbDelhi e110009 a517p.c24cm(pbk) a20 Practice sets (121-140)